[Event "EU-ch Blitz"]
[Site "Katowice"]
[Date "2021.12.17"]
[Round "1"]
[White "Teclaf, Pawel"]
[Black "Wojtyla, Tymoteusz"]
[Result "1-0"]
[WhiteElo "2542"]
[BlackElo "1649"]
[PlyCount "37"]
[EventDate "2021.12.17"]
[EventType "swiss (blitz)"]
[EventRounds "22"]
[EventCountry "POL"]
[SourceTitle "CBM 205 Extra"]
[Source "ChessBase"]
[SourceDate "2022.01.31"]
[SourceVersion "1"]
[SourceVersionDate "2022.01.31"]
[SourceQuality "1"]

1. Nf3 Nf6 2. g3 e6 3. Bg2 d5 4. b3 Be7 5. Bb2 0-0 6. c4 c5 7. 0-0 d4 8. e3 dxe3 9. dxe3 Qxd1 10. Rxd1 Rd8 11. Nc3 Nc6 12. Rxd8+ Bxd8 13. Rd1 Bc7 14. Nb5 Ba5 15. Ne5 Nxe5 16. Bc3 Bd7 17. Bxa5 Bxb5 18. cxb5 b6 19. Bxa8 1-0

[Event "POL-chT3 Slaskie"]
[Site "Poland"]
[Date "2008.03.02"]
[Round "6.45"]
[White "Duda, Ryszard"]
[Black "Wojtyla, Tymoteusz"]
[Result "1-0"]
[WhiteElo "1769"]
[BlackElo "1690"]
[PlyCount "53"]
[EventDate "2008.02.03"]
[EventType "team-swiss"]
[EventRounds "9"]
[EventCountry "POL"]
[SourceTitle "EXT 2019"]
[Source "ChessBase"]
[SourceDate "2018.10.10"]
[SourceVersion "1"]
[SourceVersionDate "2018.10.10"]
[SourceQuality "1"]

1. c4 c5 2. Nf3 Nf6 3. Nc3 Nc6 4. g3 g6 5. Bg2 Bg7 6. 0-0 0-0 7. d4 cxd4 8. Nxd4 Qb6 9. Nb3 d6 10. Be3 Qc7 11. h3 Bf5 12. Rc1 Qd7 13. Kh2 Rfd8 14. Qd2 Rac8 15. Nd5 b6 16. Rfd1 Ne5 17. Qb4 Nxd5 18. cxd5 Qb7 19. f4 Nd7 20. Na5 Qa6 21. Nc6 Re8 22. g4 Qxe2 23. Re1 Qd3 24. gxf5 Qxf5 25. Nxe7+ Rxe7 26. Rxc8+ Nf8 27. Rcc1 1-0

[Event "Pszczyna op 3rd"]
[Site "Pszczyna"]
[Date "2007.07.21"]
[Round "8"]
[White "Wojtyla, Tymoteusz"]
[Black "Fraczek, Leslaw"]
[Result "0-1"]
[WhiteElo "1705"]
[BlackElo "1927"]
[PlyCount "100"]
[EventDate "2007.07.17"]
[EventType "swiss"]
[EventRounds "9"]
[EventCountry "POL"]
[SourceTitle "EXT 2011"]
[Source "ChessBase"]
[SourceDate "2010.11.26"]
[SourceVersion "1"]
[SourceVersionDate "2010.11.26"]
[SourceQuality "1"]

1. e4 e5 2. Nf3 Nc6 3. Bc4 Nf6 4. d4 exd4 5. 0-0 Nxe4 6. Re1 d5 7. Bxd5 Qxd5 8. Nc3 Qa5 9. Nxe4 Be6 10. Bd2 Qf5 11. Bg5 h6 12. Bh4 Bc5 13. b4 Bb6 14. a4 a5 15. b5 Nb4 16. Nxd4 Bxd4 17. Qxd4 0-0 18. Rac1 Rfe8 19. c3 Nd5 20. Nc5 b6 21. Nxe6 Rxe6 22. Rxe6 Qxe6 23. f3 Qe3+ 24. Qxe3 Nxe3 25. Bg3 Rc8 26. Kf2 Nc4 27. Rd1 c6 28. bxc6 Rxc6 29. Rb1 Re6 30. Bc7 Kf8 31. Re1 Rxe1 32. Kxe1 Ke7 33. Ke2 Kd7 34. Bf4 Nb2 35. Be5 f6 36. Bd4 Kc6 37. Kd2 Nxa4 38. Kc2 Nc5 39. g4 b5 40. h4 Ne4 41. Be3 g5 42. h5 a4 43. Bc1 Kd5 44. Ba3 Nc5 45. Kd2 Kc4 46. Kc2 Nd7 47. Be7 Kd5 48. Kd2 Ke6 49. Ba3 Ne5 50. Ke2 Nc4 0-1

[Event "Pszczyna op 3rd"]
[Site "Pszczyna"]
[Date "2007.07.17"]
[Round "2"]
[White "Janiszewski, Maciej"]
[Black "Wojtyla, Tymoteusz"]
[Result "1-0"]
[WhiteElo "2083"]
[BlackElo "1705"]
[PlyCount "83"]
[EventDate "2007.07.17"]
[EventType "swiss"]
[EventRounds "9"]
[EventCountry "POL"]
[SourceTitle "EXT 2011"]
[Source "ChessBase"]
[SourceDate "2010.11.26"]
[SourceVersion "1"]
[SourceVersionDate "2010.11.26"]
[SourceQuality "1"]

1. e4 e5 2. Nf3 Nc6 3. d4 exd4 4. Bc4 Nf6 5. 0-0 Nxe4 6. Re1 d5 7. Bxd5 Qxd5 8. Nc3 Qa5 9. Rxe4+ Be6 10. Nxd4 0-0-0 11. Be3 Bc5 12. Qh5 Nxd4 13. Bxd4 Bb4 14. Qxa5 Bxa5 15. Bxg7 Rhg8 16. Bf6 Rd2 17. b4 Bb6 18. Re2 Rxe2 19. Nxe2 Bd5 20. g3 c5 21. a3 Be4 22. c3 Rg6 23. Be7 cxb4 24. axb4 Kd7 25. Bf8 Ke8 26. Bc5 Bxc5 27. bxc5 a6 28. Nd4 Kd7 29. f3 Bc6 30. f4 Rg8 31. Kf2 Re8 32. Rd1 Kc7 33. Rd3 Re4 34. Nf5 Bb5 35. Re3 Rxe3 36. Kxe3 Kc6 37. Kd4 Be2 38. Nh6 a5 39. Nxf7 a4 40. c4 a3 41. Kc3 Bd1 42. f5 1-0

[Event "Pszczyna op 3rd"]
[Site "Pszczyna"]
[Date "2007.07.17"]
[Round "1"]
[White "Orzechowski, Jacek"]
[Black "Wojtyla, Tymoteusz"]
[Result "1-0"]
[WhiteElo "2203"]
[BlackElo "1705"]
[PlyCount "37"]
[EventDate "2007.07.17"]
[EventType "swiss"]
[EventRounds "9"]
[EventCountry "POL"]
[SourceTitle "EXT 2011"]
[Source "ChessBase"]
[SourceDate "2010.11.26"]
[SourceVersion "1"]
[SourceVersionDate "2010.11.26"]
[SourceQuality "1"]

1. c4 c5 2. Nf3 Nf6 3. Nc3 Nc6 4. e3 e5 5. a3 a5 6. d4 exd4 7. exd4 d6 8. dxc5 dxc5 9. Qxd8+ Nxd8 10. Nb5 Ne6 11. Ng5 Rb8 12. Nxe6 Bxe6 13. Bf4 Rc8 14. Nc7+ Ke7 15. Be2 Bg4 16. 0-0-0 Bxe2 17. Rhe1 Ng4 18. Nd5+ Ke6 19. Rxe2+ 1-0

[Event "POL-chT3 U19 Slaska"]
[Site "Slask"]
[Date "2007.05.20"]
[Round "11.32"]
[White "Podmagorski, Krzysztof"]
[Black "Wojtyla, Tymoteusz"]
[Result "1-0"]
[WhiteElo "1833"]
[BlackElo "1679"]
[PlyCount "85"]
[EventDate "2007.01.27"]
[EventType "team-tourn"]
[EventRounds "11"]
[EventCountry "POL"]
[SourceTitle "EXT 2019"]
[Source "ChessBase"]
[SourceDate "2018.10.10"]
[SourceVersion "1"]
[SourceVersionDate "2018.10.10"]
[SourceQuality "1"]
[WhiteTeam "Gliwice Politechnika Slaska U19 II"]
[BlackTeam "Pszczyna PSSz U19"]
[WhiteTeamCountry "POL"]
[BlackTeamCountry "POL"]

1. e4 e5 2. Nf3 Nc6 3. Nc3 Nf6 4. d4 exd4 5. Nxd4 Bb4 6. Nxc6 bxc6 7. Bd3 0-0 8. 0-0 Re8 9. Bg5 h6 10. Bh4 g5 11. Bg3 Bxc3 12. bxc3 Nxe4 13. Bxe4 Rxe4 14. Qf3 d5 15. Rfe1 Bg4 16. Qd3 Bf5 17. Rxe4 Bxe4 18. Qe2 Rb8 19. f3 Bg6 20. Qa6 Rb6 21. Qxa7 Qb8 22. Qxb8+ Rxb8 23. Bxc7 Ra8 24. a4 Bxc2 25. a5 Bd3 26. Kf2 Kg7 27. Ke3 Bb5 28. Kd4 Kf6 29. Re1 Kg6 30. Kc5 Ra6 31. Re8 Bf1 32. g3 Bc4 33. Bb6 Bb5 34. Re7 Kf6 35. Ra7 Rxa7 36. Bxa7 Ke6 37. Kb6 f5 38. Bb8 h5 39. a6 Bxa6 40. Kxa6 c5 41. Kb5 d4 42. cxd4 cxd4 43. Kc4 1-0

[Event "POL-chT3 U19 Slaska"]
[Site "Slask"]
[Date "2007.05.20"]
[Round "9.32"]
[White "Wojtyla, Tymoteusz"]
[Black "Wiczynski, Artur"]
[Result "0-1"]
[WhiteElo "1679"]
[BlackElo "1766"]
[PlyCount "120"]
[EventDate "2007.01.27"]
[EventType "team-tourn"]
[EventRounds "11"]
[EventCountry "POL"]
[SourceTitle "EXT 2019"]
[Source "ChessBase"]
[SourceDate "2018.10.10"]
[SourceVersion "1"]
[SourceVersionDate "2018.10.10"]
[SourceQuality "1"]
[WhiteTeam "Pszczyna PSSz U19"]
[BlackTeam "Jastrzebie Zdroj Pionier U19 II"]
[WhiteTeamCountry "POL"]
[BlackTeamCountry "POL"]

1. e4 c5 2. c3 Nf6 3. e5 Nd5 4. d4 cxd4 5. Nf3 Nc6 6. Bc4 Nb6 7. Bb3 d5 8. exd6 Qxd6 9. 0-0 Be6 10. Bxe6 Qxe6 11. Nxd4 Nxd4 12. Qxd4 Rd8 13. Qh4 Qe2 14. Be3 Qxb2 15. Nd2 Rxd2 16. Bxd2 Qxd2 17. Rfd1 Qh6 18. Qg3 Qc6 19. Rab1 Nd7 20. Qd3 f6 21. Rb4 g6 22. Rc4 Nc5 23. Qe3 b6 24. Re1 Kf7 25. Rd4 Qc7 26. Qe2 e6 27. Qc4 Bd6 28. Red1 Rd8 29. g3 Ke7 30. Rh4 h5 31. Rhd4 Kf7 32. Qe2 Rd7 33. Qd2 Nb7 34. Qh6 Re7 35. Qh7+ Ke8 36. Qxg6+ Rf7 37. Qxh5 Ke7 38. Qf3 Rf8 39. h4 f5 40. h5 Rh8 41. Rh4 Nc5 42. h6 Ne4 43. Qh5 Qxc3 44. Qg6 Qf6 45. Qxf6+ Nxf6 46. Rhd4 Ne8 47. g4 fxg4 48. Rxg4 Rxh6 49. Ra4 a5 50. Rc4 Bc5 51. Rd2 Nd6 52. Rg4 Kf7 53. Rf4+ Rf6 54. Rh4 Rg6+ 55. Kf1 e5 56. Re2 Ke6 57. Ke1 Kd5 58. Rd2+ Bd4 59. Ke2 Ne4 60. Rd3 Rg2 0-1

[Event "POL-chT3 Liga Slaska"]
[Site "Poland"]
[Date "2007.05.12"]
[Round "7"]
[White "Wojtyla, Tymoteusz"]
[Black "Graczyk, Damian"]
[Result "1/2-1/2"]
[WhiteElo "1679"]
[BlackElo "1877"]
[PlyCount "205"]
[EventDate "2007.01.28"]
[EventType "team-swiss"]
[EventRounds "9"]
[EventCountry "POL"]
[SourceTitle "EXT 2011"]
[Source "ChessBase"]
[SourceDate "2010.11.26"]
[SourceVersion "1"]
[SourceVersionDate "2010.11.26"]
[SourceQuality "1"]
[WhiteTeam "Pszczyna PSSz"]
[BlackTeam "Czestochowa UKS Hetman"]
[WhiteTeamCountry "POL"]
[BlackTeamCountry "POL"]

1. e4 c5 2. c3 d5 3. exd5 Qxd5 4. d4 e6 5. Nf3 Nc6 6. c4 Qe4+ 7. Be3 Nxd4 8. Nxd4 cxd4 9. Qxd4 Qxd4 10. Bxd4 Nf6 11. c5 Bd7 12. Nc3 Be7 13. Nb5 0-0 14. Nd6 Bc6 15. f3 Rfd8 16. Be5 Nd7 17. Bd4 Nxc5 18. Bxc5 Bxd6 19. Bxd6 Rxd6 20. Be2 Bd5 21. 0-0 Rc8 22. Rfc1 Rdc6 23. Rxc6 Rxc6 24. Bd3 g6 25. Kf2 Kg7 26. Ke3 h5 27. h4 Kf6 28. g3 a5 29. f4 a4 30. Kd2 Ke7 31. a3 Rb6 32. Kc2 Bb3+ 33. Kd2 Bd5 34. Kc2 Kd6 35. Re1 Rc6+ 36. Kd2 Bc4 37. Bc2 b5 38. Be4 Rc7 39. Rc1 Kc5 40. Kc3 Rd7 41. Re1 Rd8 42. Bc2 Rd4 43. Re4 Rd6 44. Re1 f5 45. Rd1 Bd5 46. Rd2 Kb6 47. Kb4 Rc6 48. Bd3 Bc4 49. Bb1 Kc7 50. Rc2 Rd6 51. Ba2 Kb6 52. Bxc4 Rd4 53. b3 axb3 54. Kxb3 bxc4+ 55. Rxc4 Rd3+ 56. Rc3 Rd5 57. Re3 Rd6 58. Kb4 Rd4+ 59. Kc3 Rd6 60. Rd3 Rc6+ 61. Kb4 Ka6 62. Re3 Kb6 63. Re5 Rd6 64. Kc4 Rc6+ 65. Kd4 Rd6+ 66. Kc3 Rc6+ 67. Kb2 Rd6 68. a4 Rd2+ 69. Kc1 Rd6 70. Kc2 Rc6+ 71. Kb3 Rd6 72. a5+ Kc6 73. Kc4 Kb7 74. Kc5 Rc6+ 75. Kb5 Rd6 76. Re3 Rd5+ 77. Kb4 Rd4+ 78. Kc3 Rd6 79. Kc4 Kc7 80. Rd3 Rc6+ 81. Kb5 Rc2 82. Rb3 Kb7 83. Rd3 Rb2+ 84. Kc4 Kc7 85. Rb3 Rc2+ 86. Kb5 Kb7 87. Ka4+ Ka7 88. Rb6 Re2 89. Kb5 Re3 90. Rd6 Rb3+ 91. Kc4 Rxg3 92. Rxe6 Ra3 93. Kb5 Rb3+ 94. Kc5 Rc3+ 95. Kd5 Rg3 96. Ke5 Rg4 97. Rb6 Rg1 98. Kd6 Ra1 99. Kc7 Rc1+ 100. Rc6 Rf1 101. Rxg6 Rxf4 102. Rg5 Rxh4 103. Rxf5 1/2-1/2

[Event "POL-chT3 U19 Slaska"]
[Site "Slask"]
[Date "2007.03.17"]
[Round "5.20"]
[White "Wojtyla, Tymoteusz"]
[Black "Siedlinski, Piotr"]
[Result "1/2-1/2"]
[WhiteElo "1679"]
[BlackElo "1825"]
[PlyCount "80"]
[EventDate "2007.01.27"]
[EventType "team-tourn"]
[EventRounds "11"]
[EventCountry "POL"]
[SourceTitle "EXT 2019"]
[Source "ChessBase"]
[SourceDate "2018.10.10"]
[SourceVersion "1"]
[SourceVersionDate "2018.10.10"]
[SourceQuality "1"]
[WhiteTeam "Pszczyna PSSz U19"]
[BlackTeam "Jaworzno JKSz MCKiS U19 II"]
[WhiteTeamCountry "POL"]
[BlackTeamCountry "POL"]

1. e4 d5 2. exd5 Qxd5 3. Nc3 Qa5 4. d4 c6 5. Nf3 Nf6 6. Bc4 Bf5 7. Ne5 e6 8. g4 Be4 9. 0-0 Bd5 10. Bd3 Nbd7 11. f4 c5 12. Bb5 Bc6 13. Nxc6 bxc6 14. Bxc6 Rc8 15. Bg2 cxd4 16. Ne4 Nxe4 17. Bxe4 Nf6 18. Bg2 Bc5 19. Kh1 Bb6 20. Bd2 Qb5 21. Rb1 Qc4 22. c3 Qxa2 23. cxd4 0-0 24. Bc3 Nd5 25. Qd3 Qc4 26. Qxc4 Rxc4 27. Bxd5 exd5 28. Rbd1 f5 29. gxf5 Rxf5 30. Kg2 Bc7 31. Ra1 Bb6 32. Kg3 Bxd4 33. Bxd4 Rxd4 34. Rxa7 g5 35. Rc1 Rdxf4 36. Rc8+ Rf8 37. Rxf8+ Rxf8 38. Rd7 Rf5 39. Kg4 Re5 40. h4 Re4+ 1/2-1/2